University Home | Library Home | Institutional Repository

Prices, jobs and growth : (Record no. 116825)

MARC details
000 -LEADER
fixed length control field 00492cam3a220018100 4500
001 - CONTROL NUMBER
control field tmp15935330
003 - CONTROL NUMBER IDENTIFIER
control field UPRA
005 - DATE AND TIME OF LATEST TRANSACTION
control field 20190821135912.0
008 - FIXED-LENGTH DATA ELEMENTS--GENERAL INFORMATION
fixed length control field 951114s1976 xx eng u
035 ## - SYSTEM CONTROL NUMBER
System control number (Sirsi) r49050
035 ## - SYSTEM CONTROL NUMBER
System control number (UPRA)tmp15935330
040 ## - CATALOGING SOURCE
Transcribing agency UPRA
100 1# - MAIN ENTRY--PERSONAL NAME
Personal name Lindert, Peter H.
Linkage A7086.1
245 10 - TITLE STATEMENT
Title Prices, jobs and growth :
Remainder of title an introduction to macroeconomics.
260 ## - PUBLICATION, DISTRIBUTION, ETC.
Date of publication, distribution, etc. 1976.
949 ## - LOCAL PROCESSING INFORMATION (OCLC)
a HB171.5
w lcc
i -60996
m MAIN
p 2500
t BOOK
l ON-SHELF

No items available.

© 2026 - The University of Zambia Library - Koha v25.11